000 00579nam a2200217Ia 4500
999 _c52615
_d52615
001 55263
005 20221008084950.0
008 140505s9999 xx 000 0 und d
020 _a9781464109621
040 _cPK-LaUMT
082 _a612.1111
_bNEL-L
100 _aNelson, David L.
245 _aLehninger principles of biochemistry /
_cby David L. Nelson and Michael M. Cox
250 _a6th ed
260 _aNew York,USA:
_bW. H. Freeman and Company,
_c2013
300 _a1198 p.
546 _aEN
650 _aBiochemistry
700 _aCox, Michael M.
942 _cBK